Loading...
| Current Events | 2 | 25.00 | 100% | 100% | 50% |
| Fine Arts - Classical Music | 4 | 10.00 | 75% | 25% | 0% |
| Fine Arts - Other | 5 | 12.00 | 100% | 0% | 20% |
| Fine Arts - Painting and Sculpture | 7 | 14.29 | 100% | 43% | 0% |
| Geography | 2 | 25.00 | 100% | 100% | 50% |
| History - American | 5 | 20.00 | 80% | 80% | 40% |
| History - European | 8 | 18.75 | 100% | 75% | 13% |
| History - Other | 7 | 17.14 | 86% | 43% | 43% |
| History - World | 6 | 16.67 | 83% | 83% | 0% |
| Literature - American | 5 | 10.00 | 100% | 0% | 0% |
| Literature - British | 4 | 22.50 | 100% | 75% | 50% |
| Literature - European | 5 | 16.00 | 100% | 20% | 40% |
| Literature - World | 5 | 12.00 | 100% | 20% | 0% |
| Mythology | 2 | 10.00 | 100% | 0% | 0% |
| Other Academic | 2 | 25.00 | 100% | 100% | 50% |
| Philosophy | 5 | 14.00 | 100% | 40% | 0% |
| Pop Culture | 2 | 20.00 | 100% | 50% | 50% |
| Religion | 3 | 20.00 | 100% | 67% | 33% |
| Science - Biology | 4 | 12.50 | 100% | 25% | 0% |
| Science - Chemistry | 5 | 12.00 | 100% | 20% | 0% |
| Science - Other | 5 | 12.00 | 100% | 20% | 0% |
| Science - Physics | 5 | 12.00 | 80% | 40% | 0% |
| Social Science | 7 | 12.86 | 100% | 29% | 0% |